IT hibák és fejlesztési lehetőségek egy középvállalatnál

Bibliográfiai részletek
Szerző: Gresa Róbert
További közreműködők: Török Péter
Dokumentumtípus: Diplomadolgozat
Kulcsszavak:Informatika
Számítástechnika
Biztonság
Online Access:http://dolgozattar.uni-bge.hu/11117

MARC

LEADER 00000nta a2200000 i 4500
001 dolg11117
005 20170511150644.0
008 170511suuuu hu om 000 hun d
040 |a BGE Dolgozattár Repozitórium  |b hun 
041 |a hu 
100 1 |a Gresa Róbert 
245 1 0 |a IT hibák és fejlesztési lehetőségek egy középvállalatnál  |c Gresa Róbert  |h [elektronikus dokumentum] 
246 1 1 |a IT hibák és fejlesztési lehetőségek egy középvállalatnál 
695 |a Informatika 
695 |a Számítástechnika 
695 |a Biztonság 
700 1 |a Török Péter  |e ths 
856 4 0 |u http://dolgozattar.uni-bge.hu/11117/1/GRESA_ROBERT_SZAKDOLGOZAT.pdf  |z Dokumentum-elérés 
856 4 0 |u http://dolgozattar.uni-bge.hu/11117/2/GRESA_ROBERT_NYILATKOZAT.pdf  |z Dokumentum-elérés 
856 4 0 |u http://dolgozattar.uni-bge.hu/11117/3/GRESA_ROBERT_TITKOSITASI_KERELEM.pdf  |z Dokumentum-elérés